| 000 | 00958 a2200193 4500 | ||
|---|---|---|---|
| 003 | Nust | ||
| 005 | 20221223095654.0 | ||
| 010 | _a44000912 | ||
| 040 | _cNust | ||
| 082 | _a621.385,ALB | ||
| 100 |
_aAlbert, Arthur Lemuel, _941655 |
||
| 245 |
_aFundamentals of telephony / _cArthur Lemuel Albert, |
||
| 260 |
_aMcGraw-Hill, _bNew York _c1943 |
||
| 300 |
_a374 p _cillus _c24 cm |
||
| 505 | _aDirect Current Theory (Page-1), Alternating Current Theory (Page-30), Electric Networks (Page-57), Sound, Speech and Hearing (Page-93), Telephone Transmitters (Page-111), Telephone Receivers (Page-127), Telephone Sets (Page-139),Manual Telephone Systems (Page-193), Transmission over Circuits with Lumped Constants (Page-262), Measurements in Telephony (Page-286), Inductive Interference (Page-314), Telephone Repeaters and Carrier Systems (Page-332). | ||
| 600 |
_aAlbert, Arthur Lemuel _941655 |
||
| 650 |
_aFundamentals of telephony _9105732 |
||
| 942 |
_2ddc _cBK |
||
| 999 |
_c183681 _d183681 |
||